000 00942nam a2200241 a 4500
001 000028935
003 DO-SdBNP
005 20220524095457.0
008 110412s2007 dr r 000 0 spa d
040 _aDO-SdBNP
_bspa
_cBNPHU
082 4 _a347.7293
_bS941d, 2007
_222
110 1 _aSubero Isa, Jorge
_955884
245 1 0 _aDía del Poder Judicial :
_ba modo de resumen ejecutivo anual, en audiencia solemne del 7 de enero del 2007 /
_cJorge A. Subero Isa.
260 _aSanto Domingo :
_bSuprema Corte de Justicia
_a2007.
300 _a213 p. ;
_c21 cm.
590 _aInventariado, 2018/BT
650 4 _aPoder judicial
_zRepública Dominicana
_xEnsayos, conferencias, etc.
_946172
650 4 _aAdministración de justicia
_zRepública Dominicana
_910274
650 4 _aDiscursos
_96584
651 4 _aAdministración De Justicia Penal
_xEnsayos, Conferencias, Etc.
_946173
910 _aValidado. Control de calidad. EMS
942 _2ddc
_cLBS1
999 _c28427
_d28427